000 00836nam a22002297a 4500
005 20080923102150.0
008 080923t xxu||||| |||| 00| 0 eng d
010 _aENG-91034
020 _c150.00
_a9788187568155
035 _aEN-74567
037 _bDBAD / PUB
040 _adpl
_bEnglish
082 _a301.153
100 _aTewari, N.P.
245 _aSix moral values of Gandhi /
_cby N.P. Tewari
260 _aAllahabad
_bK.K. Publications
_c2007
270 _a618, Katra,
_bAllahabad
_e2
300 _a116p.
_c22 cm (Hb)
600 _aGandhi, Mahatma, 1869-1948
_xPolitical and social views
942 _2ddc
_cEN
_mTEW
_h301.153
999 _c15586
_d15586